| 000 | 00541nam a2200205 a 4500 | ||
|---|---|---|---|
| 999 |
_c4855 _d4855 |
||
| 003 | BD-JhCC | ||
| 005 | 20171204181935.0 | ||
| 008 | 171204s19601961u ||||| || | 000 0 eng d | ||
| 035 | _a(BD-JhCC) | ||
| 040 |
_aBD-JhCC _dBD-JhCC |
||
| 041 | _aeng | ||
| 082 |
_a425 _bAND 1961 |
||
| 100 | _aAnderson, Albert T. | ||
| 245 |
_aProcesses in Writing / _cAlbert T. Anderson, |
||
| 260 |
_aUSA : _bWadsworth Publishing Company, Inc. _c1961. |
||
| 300 |
_a240 p. : _c25 cm. |
||
| 650 | _aEnglish Language | ||
| 942 |
_2ddc _cBK |
||